[Event "37th Reykjavik op"]
[Site "Reykjavik ISL"]
[Date "2024.03.21"]
[Round "9.23"]
[White "Large, Peter G"]
[Black "Injac, Teodora"]
[WhiteElo "2262"]
[BlackElo "2434"]
[Result "1-0"]
[EventDate "2024.03.15"]
[PlyCount "83"]

1. e4 {[%eval 13,0]} c5 {[%eval 33,0]} 2. Nc3 {[%eval 24,0]} Nc6 {[%eval 41,0]}
3. Bb5 {[%eval 0,0]} Nd4 {[%eval 0,0]} 4. Nf3 {[%eval 0,0]} e6 {[%eval 0,0]} 5.
O-O {[%eval 13,0]} a6 {[%eval 0,0]} 6. Bd3 {[%eval 0,0]} Nxf3+ {[%eval 0,0]} 7.
Qxf3 {[%eval 13,0]} Qc7 {[%eval 32,0]} 8. b3 {[%eval 24,0]} Bd6 {[%eval 27,0]}
9. Kh1 {[%eval 5,0]} Ne7 {[%eval 1,0]} 10. Bb2 {[%eval 0,0]} Be5 $6 {[%eval 75,
0] Inaccuracy. O-O was best.} (10... O-O 11. Ne2 Ng6 12. Qe3 b5 13. f4 Bb7 14.
c4 Bc6 15. Rf2 f6 16. Kg1 Qb7 17. Ng3) 11. Rae1 $6 {[%eval 4,0] Inaccuracy.
Qh5 was best.} (11. Qh5 Bd4 12. f4 b6 13. f5 O-O 14. Rae1 f6 15. e5 Bxe5 16.
fxe6 g6 17. Qh6 d6) 11... Ng6 {[%eval 3,0]} 12. g3 {[%eval 18,0]} h5 {[%eval 0,
0]} 13. h4 {[%eval 13,0]} b5 {[%eval 21,0]} 14. Qe2 {[%eval 2,0]} Bb7 {[%eval
63,0]} 15. f4 {[%eval 54,0]} Bd4 {[%eval 85,0]} 16. Kh2 {[%eval 83,0]} O-O-O $6
{[%eval 155,0] Inaccuracy. Ne7 was best.} (16... Ne7 17. a4 b4 18. Nd1 Bxb2 19.
Nxb2 Ng8 20. e5 g6 21. Nc4 Kf8 22. Nd6 Nh6 23. Nxb7) 17. a4 {[%eval 157,0]} b4
{[%eval 106,0]} 18. Nd1 {[%eval 161,0]} Qb6 $6 {[%eval 228,0] Inaccuracy. d5
was best.} (18... d5 19. Bxa6) 19. Bxd4 {[%eval 223,0]} cxd4 {[%eval 224,0]}
20. Nb2 {[%eval 203,0]} d6 {[%eval 257,0]} 21. Nc4 {[%eval 244,0]} Qc7 {
[%eval 245,0]} 22. a5 $6 {[%eval 175,0] Inaccuracy. e5 was best.} (22. e5 dxe5
23. Bxg6 fxg6 24. Nxe5 d3 25. cxd3 Kb8 26. Nxg6 Rhe8 27. Ne5 Re7 28. Rb1 Qc2)
22... Kb8 {[%eval 171,0]} 23. Nb6 {[%eval 154,0]} Ka7 {[%eval 155,0]} 24. Qf2 {
[%eval 153,0]} e5 {[%eval 156,0]} 25. f5 {[%eval 112,0]} Nf8 {[%eval 103,0]}
26. f6 {[%eval 95,0]} g5 {[%eval 79,0]} 27. hxg5 {[%eval 77,0]} Rg8 {[%eval
102,0]} 28. Bc4 $2 {[%eval 23,0] Mistake. Rc1 was best.} (28. Rc1 Ne6 29. c3
bxc3 30. dxc3 Qb8 31. cxd4 exd4 32. Bc4 d5 33. Bxd5 Rxd5 34. exd5 h4) 28...
Rxg5 {[%eval 21,0]} 29. c3 {[%eval 27,0]} bxc3 {[%eval 32,0]} 30. dxc3 {
[%eval 54,0]} Kb8 $4 {[%eval 126,0] Blunder. Rg4 was best.} (30... Rg4 31. cxd4
h4 32. Qf3 hxg3+ 33. Kg1 Rh4 34. Rc1 Ng6 35. Be6 Qb8 36. dxe5 Bxe4 37. Qxg3)
31. cxd4 {[%eval 129,0]} exd4 {[%eval 134,0]} 32. Bd5 {[%eval 123,0]} Qc3 {
[%eval 112,0]} 33. Rc1 {[%eval 76,0]} Qxa5 {[%eval 8,0]} 34. Qxd4 {[%eval 8,0]}
Nd7 $6 {[%eval 169,0] Inaccuracy. Bxd5 was best.} (34... Bxd5) 35. Nc4 {
[%eval 174,0]} Qc5 {[%eval 183,0]} 36. Qd2 {[%eval 174,0]} Bxd5 $6 {[%eval 288,
0] Inaccuracy. Rxd5 was best.} (36... Rxd5) 37. Qxg5 {[%eval 273,0]} Bxe4 $6 {
[%eval 429,0] Inaccuracy. Be6 was best.} (37... Be6 38. Qf4) 38. Qf4 {[%eval
412,0]} Ne5 {[%eval 443,0]} 39. Qxe4 {[%eval 448,0]} Ng4+ {[%eval 459,0]} 40.
Kh3 {[%eval 445,0]} Nf2+ $6 {[%eval 623,0] Inaccuracy. Qf2 was best.} (40...
Qf2 41. Qg2 Qxg2+ 42. Kxg2 Re8 43. Rfe1 Rg8 44. Nxd6 Nxf6 45. Nf5 Kb7) 41. Rxf2
{[%eval 632,0]} Qxf2 $4 {[%eval 32750,0] Checkmate is now unavoidable. Qc7 was
best.} (41... Qc7 42. Qf4 Ka8 43. Kh2 h4 44. gxh4 Qc5 45. Rg1 d5 46. Ne5 Qc7
47. Rg3 Re8 48. Nd3) 42. Na5 1-0

[Event "37th Reykjavik op"]
[Site "Reykjavik ISL"]
[Date "2024.03.21"]
[Round "9.24"]
[White "Bulmaga, Irina"]
[Black "Papadiamandis, Elliot"]
[WhiteElo "2429"]
[BlackElo "2302"]
[Result "0-1"]
[EventDate "2024.03.15"]
[PlyCount "94"]

1. e4 {[%eval 13,0]} c5 {[%eval 33,0]} 2. Nf3 {[%eval 22,0]} d6 {[%eval 0,0]}
3. d4 {[%eval 18,0]} cxd4 {[%eval 13,0]} 4. Nxd4 {[%eval 27,0]} Nf6 {[%eval 3,
0]} 5. Nc3 {[%eval 21,0]} a6 {[%eval 24,0]} 6. h3 {[%eval 1,0]} e5 {[%eval 5,0]
} 7. Nb3 {[%eval 19,0]} Be6 {[%eval 13,0]} 8. f4 {[%eval 17,0]} g6 {[%eval 36,
0]} 9. Be2 {[%eval 37,0]} Be7 {[%eval 6,0]} 10. Be3 {[%eval 3,0]} Nbd7 {
[%eval 37,0]} 11. O-O {[%eval 33,0]} Rc8 {[%eval 38,0]} 12. fxe5 $6 {[%eval 36,
0] Inaccuracy. Qd2 was best.} (12. Qd2) 12... dxe5 {[%eval 35,0]} 13. Qe1 {
[%eval 32,0]} O-O {[%eval 23,0]} 14. Rd1 {[%eval 22,0]} Ne8 {[%eval 23,0]} 15.
Qd2 {[%eval 28,0]} Qc7 {[%eval 6,0]} 16. Bg4 {[%eval 12,0]} Nb6 {[%eval 22,0]}
17. Qf2 {[%eval 23,0]} Nc4 {[%eval 38,0]} 18. Nd5 $2 {[%eval -78,0] Mistake.
Bh6 was best.} (18. Bh6 Nf6 19. Bxf8 Rxf8 20. Bxe6 fxe6 21. Rd3 Ng4 22. Qa7
Rxf1+ 23. Kxf1 Nxb2 24. Rg3 Nf6) 18... Bxd5 {[%eval -68,0]} 19. Bxc8 $4 {
[%eval -293,0] Blunder. Rxd5 was best.} (19. Rxd5 Nf6 20. Bxc8 Nxe3 21. Qxe3
Nxd5 22. exd5 Rxc8 23. c3 Rd8 24. Qf3 Bg5 25. c4 b6) 19... Nxe3 {[%eval -246,0]
} 20. Qxe3 {[%eval -229,0]} Bxb3 {[%eval -224,0]} 21. Qxb3 {[%eval -237,0]}
Qxc8 {[%eval -241,0]} 22. Rf3 {[%eval -205,0]} Nd6 {[%eval -271,0]} 23. Rc3 {
[%eval -277,0]} Qb8 {[%eval -297,0]} 24. Qd5 {[%eval -265,0]} Nb5 {[%eval -277,
0]} 25. Rcd3 {[%eval -255,0]} Nd4 {[%eval -271,0]} 26. Qd7 {[%eval -246,0]} Bc5
{[%eval -271,0]} 27. Kh1 {[%eval -298,0]} Ne6 {[%eval -275,0]} 28. Qa4 {
[%eval -254,0]} Be7 {[%eval -252,0]} 29. b4 {[%eval -238,0]} Qc8 {[%eval -239,
0]} 30. Qd7 {[%eval -354,0]} Bxb4 {[%eval -359,0]} 31. Qxc8 {[%eval -372,0]}
Rxc8 $4 {[%eval 32748,0] Checkmate is now unavoidable. Rxc8 was best.} (31...
Re8 32. Qd8 Rxd8 33. Rc1 Rc8 34. Rb1 Bf8 35. Rxb7 Rxc2 36. Rd5 Rxa2 37. g3 Re2
38. Rxe5 Bd6 39. Ra5 Bxg3 40. Rb3 Bf4 41. Rxa6 Rxe4 42. Kg2 Kg7 43. Ra7 Be5 44.
Raa3 Re2+ 45. Kf1 Rc2 46. Rf3 Nf4 47. Rae3 Kf6 48. Ra3 Kf5 49. Ke1 f6) 32. Rb1
$4 {[%eval 351,0] Lost forced checkmate sequence. Qxe8+ was best.} (32. Rd7 Nc5
33. Rd8+ Rxd8 34. Rxd8+ Kg7 35. Rb8 a5 36. c4 h5 37. g4 hxg4 38. hxg4) 32...
Bf8 {[%eval 428,0]} 33. Rxb7 $4 {[%eval -334,0] Blunder. Rxd8+ was best.} (33.
Rd8 Nxd8) 33... Rxc2 {[%eval -395,0]} 34. Rd5 {[%eval -359,0]} Rxa2 {[%eval
-352,0]} 35. g3 {[%eval -346,0]} Re2 {[%eval -364,0]} 36. Rxe5 {[%eval -339,0]}
Bd6 {[%eval -394,0]} 37. Ra5 {[%eval -452,0]} Bxg3 {[%eval -347,0]} 38. Rb3 {
[%eval -329,0]} Bf4 {[%eval -319,0]} 39. Rxa6 {[%eval -325,0]} Rxe4 {[%eval
-337,0]} 40. Kg2 {[%eval -308,0]} Kg7 {[%eval -334,0]} 41. Ra7 {[%eval -338,0]}
Be5 {[%eval -342,0]} 42. Raa3 {[%eval -339,0]} Re2+ {[%eval -394,0]} 43. Kf1 {
[%eval -333,0]} Rc2 {[%eval -337,0]} 44. Rf3 {[%eval -329,0]} Nf4 {[%eval -334,
0]} 45. Rae3 {[%eval -336,0]} Kf6 {[%eval -332,0]} 46. Ra3 {[%eval -324,0]} Kf5
{[%eval -334,0]} 47. Ke1 {[%eval -303,0]} f6 {[%eval -305,0]} 0-1

[Event "37th Reykjavik op"]
[Site "Reykjavik ISL"]
[Date "2024.03.21"]
[Round "9.25"]
[White "Karamsetty, Jeevan"]
[Black "Throstur, Thorhallsson"]
[WhiteElo "2187"]
[BlackElo "2388"]
[Result "0-1"]
[EventDate "2024.03.15"]
[PlyCount "58"]

1. e4 {[%eval 13,0]} c5 {[%eval 33,0]} 2. Nf3 {[%eval 22,0]} Nc6 {[%eval 31,0]}
3. Bb5 {[%eval 25,0]} e6 {[%eval 47,0]} 4. Bxc6 {[%eval 0,0]} dxc6 $6 {[%eval
91,0] Inaccuracy. bxc6 was best.} (4... bxc6 5. d3 Ne7 6. h4 h5 7. Qe2 f6 8. e5
fxe5 9. Nxe5) 5. d3 {[%eval 75,0]} Ne7 {[%eval 67,0]} 6. e5 {[%eval 96,0]} Ng6
{[%eval 98,0]} 7. O-O {[%eval 58,0]} Be7 {[%eval 79,0]} 8. Nc3 {[%eval 42,0]}
Qc7 {[%eval 72,0]} 9. Qe2 {[%eval 4,0]} O-O {[%eval 38,0]} 10. a4 {[%eval 49,0]
} b6 {[%eval 89,0]} 11. Rb1 $6 {[%eval 28,0] Inaccuracy. a5 was best.} (11. a5
b5 12. Qe4 c4 13. dxc4 b4 14. Ne2 Rb8 15. a6 c5 16. h4 Bd7 17. h5 Bc6) 11...
Bd7 {[%eval 43,0]} 12. b3 {[%eval 3,0]} f6 {[%eval 7,0]} 13. exf6 {[%eval 29,0]
} gxf6 {[%eval 33,0]} 14. Bh6 {[%eval 34,0]} Rf7 {[%eval 33,0]} 15. Rfe1 {
[%eval 6,0]} Bf8 {[%eval 3,0]} 16. Qd2 {[%eval 2,0]} e5 {[%eval 28,0]} 17. h3 {
[%eval 12,0]} Kh8 {[%eval 8,0]} 18. Ne2 {[%eval 11,0]} Bxh6 {[%eval 26,0]} 19.
Qxh6 {[%eval 32,0]} Rg8 {[%eval 24,0]} 20. Kh1 {[%eval 11,0]} Be6 {[%eval 0,0]}
21. Rg1 {[%eval 14,0]} Ne7 {[%eval 5,0]} 22. Ng3 $4 {[%eval -372,0] Blunder.
Qd2 was best.} (22. Qd2) 22... Rxg3 {[%eval -365,0]} 23. Nxe5 {[%eval -343,0]}
Qxe5 {[%eval -343,0]} 24. Rbe1 {[%eval -498,0]} Qg5 $6 {[%eval -228,0]
Inaccuracy. Rxh3+ was best.} (24... Rxh3+ 25. Qxh3 Bxh3 26. Rxe5 Bxg2+ 27. Kxg2
fxe5 28. a5 Ng6 29. Kf1 Kg7 30. c4 b5 31. Rg3) 25. Qxg5 {[%eval -292,0]} Rxg5 {
[%eval -223,0]} 26. Rxe6 {[%eval -238,0]} Re5 {[%eval -229,0]} 27. Re1 {
[%eval -205,0]} Rxe1+ {[%eval -206,0]} 28. Rxe1 {[%eval -398,0]} Nf5 {[%eval
-399,0]} 29. c3 {[%eval -385,0]} Re7 {[%eval -377,0]} 0-1

[Event "37th Reykjavik op"]
[Site "Reykjavik ISL"]
[Date "2024.03.21"]
[Round "9.26"]
[White "Sidhant, Mohapatra"]
[Black "Paasikangas, Johanna"]
[WhiteElo "2379"]
[BlackElo "2046"]
[Result "1-0"]
[EventDate "2024.03.15"]
[PlyCount "57"]

1. e4 {[%eval 13,0]} c5 {[%eval 33,0]} 2. Nf3 {[%eval 22,0]} d6 {[%eval 0,0]}
3. d4 {[%eval 18,0]} cxd4 {[%eval 13,0]} 4. Nxd4 {[%eval 27,0]} Nf6 {[%eval 3,
0]} 5. Nc3 {[%eval 21,0]} Nc6 {[%eval 47,0]} 6. Bg5 {[%eval 45,0]} e6 {[%eval
23,0]} 7. Qd2 {[%eval 0,0]} a6 {[%eval 29,0]} 8. O-O-O {[%eval 41,0]} Bd7 {
[%eval 4,0]} 9. Kb1 {[%eval 37,0]} Nxd4 {[%eval 5,0]} 10. Qxd4 {[%eval 51,0]}
Be7 {[%eval 51,0]} 11. f3 {[%eval 41,0]} Qc7 {[%eval 3,0]} 12. h4 {[%eval 39,0]
} b5 {[%eval 33,0]} 13. Qd2 {[%eval 37,0]} h6 {[%eval 34,0]} 14. Be3 {[%eval
35,0]} Rc8 $6 {[%eval 91,0] Inaccuracy. h5 was best.} (14... h5 15. Bf4 b4 16.
Ne2 Rc8 17. c3 e5 18. Bg5 a5 19. cxb4 axb4 20. Rc1 Qa5 21. Rxc8+) 15. g4 {
[%eval 99,0]} b4 {[%eval 100,0]} 16. Ne2 {[%eval 93,0]} a5 $6 {[%eval 164,0]
Inaccuracy. Ba4 was best.} (16... Ba4) 17. Nd4 {[%eval 137,0]} e5 $6 {[%eval
206,0] Inaccuracy. Rb8 was best.} (17... Rb8 18. Rg1 g6 19. g5 hxg5 20. hxg5
Nh5 21. f4 e5 22. f5 exd4 23. Bxd4 Rh7 24. Rh1) 18. Nb5 {[%eval 266,0]} Bxb5 {
[%eval 262,0]} 19. Bxb5+ {[%eval 267,0]} Nd7 {[%eval 263,0]} 20. g5 {[%eval
276,0]} h5 {[%eval 278,0]} 21. g6 {[%eval 262,0]} O-O {[%eval 265,0]} 22. Rhg1
{[%eval 262,0]} fxg6 {[%eval 261,0]} 23. Rxg6 {[%eval 241,0]} Rf7 {[%eval 208,
0]} 24. Rdg1 {[%eval 263,0]} Nf8 {[%eval 299,0]} 25. R6g2 {[%eval 257,0]} Kh7 {
[%eval 299,0]} 26. Ba4 {[%eval 283,0]} Bf6 {[%eval 312,0]} 27. Bb3 {[%eval 333,
0]} Re7 {[%eval 338,0]} 28. Qe2 $6 {[%eval 235,0] Inaccuracy. Bg5 was best.} (
28. Bg5 Nd7 29. f4 a4 30. Bxa4 Bxg5 31. Rxg5 Nf6 32. fxe5 Rxe5 33. Rxg7+ Qxg7
34. Rxg7+ Kxg7) 28... g6 $4 {[%eval 507,0] Blunder. Kh8 was best.} (28... Kh8
29. f4 exf4 30. Bxf4 Nh7 31. Rd1 Rd8 32. Rg6 a4 33. Bxa4 Qa5 34. Bb3 Qf5 35.
exf5) 29. f4 {[%eval 575,0]} 1-0

[Event "37th Reykjavik op"]
[Site "Reykjavik ISL"]
[Date "2024.03.21"]
[Round "9.27"]
[White "Jacobsen, Mikkel Manosri"]
[Black "Sushanth, Kamabathula"]
[WhiteElo "2367"]
[BlackElo "1918"]
[Result "0-1"]
[EventDate "2024.03.15"]
[PlyCount "88"]

1. d4 {[%eval 17,0]} Nf6 {[%eval 16,0]} 2. c4 {[%eval 16,0]} g6 {[%eval 26,0]}
3. Nc3 {[%eval 31,0]} Bg7 {[%eval 7,0]} 4. Nf3 {[%eval 29,0]} O-O {[%eval 63,0]
} 5. Bg5 $6 {[%eval 0,0] Inaccuracy. e4 was best.} (5. e4 d6 6. Be2 e5 7. O-O
Na6 8. Re1 Bg4 9. Be3 exd4) 5... d6 {[%eval 39,0]} 6. e3 {[%eval 25,0]} Nbd7 {
[%eval 56,0]} 7. Be2 {[%eval 42,0]} c6 {[%eval 4,0]} 8. Qc2 {[%eval 45,0]} e5 {
[%eval 52,0]} 9. O-O {[%eval 52,0]} Qe7 {[%eval 73,0]} 10. Rad1 {[%eval 54,0]}
h6 {[%eval 5,0]} 11. Bh4 {[%eval 54,0]} g5 {[%eval 52,0]} 12. dxe5 {[%eval 56,
0]} dxe5 {[%eval 41,0]} 13. Bg3 {[%eval 46,0]} Nh5 {[%eval 46,0]} 14. Nd2 {
[%eval 58,0]} Nxg3 {[%eval 59,0]} 15. hxg3 {[%eval 58,0]} f5 $6 {[%eval 114,0]
Inaccuracy. Nf6 was best.} (15... Nf6 16. Nde4 Nxe4 17. Nxe4 Bf5 18. Bd3 Rad8
19. c5 Bxe4 20. Bxe4 Rxd1 21. Rxd1 Rd8 22. Rb1) 16. g4 {[%eval 108,0]} e4 {
[%eval 111,0]} 17. gxf5 {[%eval 111,0]} Bxc3 {[%eval 131,0]} 18. Qxc3 {[%eval
125,0]} Nf6 {[%eval 134,0]} 19. f4 {[%eval 118,0]} exf3 $6 {[%eval 183,0]
Inaccuracy. g4 was best.} (19... g4 20. Qe5 Re8 21. c5 Qxe5 22. fxe5 Rxe5 23.
Nc4 Rd5 24. Kh2 h5 25. Kg3 Kg7 26. Kh4) 20. Rxf3 {[%eval 171,0]} Ng4 $6 {
[%eval 294,0] Inaccuracy. Bd7 was best.} (20... Bd7 21. e4 Rae8 22. c5 Qe5 23.
Bc4+ Kg7 24. Bb3 Bc8 25. Bc2 g4 26. Rd3 Qxc3 27. Rxc3) 21. Rg3 {[%eval 229,0]}
Nf6 {[%eval 227,0]} 22. e4 $4 {[%eval 45,0] Blunder. Bd3 was best.} (22. Bd3)
22... Bxf5 {[%eval 49,0]} 23. e5 {[%eval 53,0]} Rad8 {[%eval 46,0]} 24. Re3 {
[%eval 62,0]} Ne8 {[%eval 74,0]} 25. Rf1 {[%eval 28,0]} Ng7 {[%eval 48,0]} 26.
g4 {[%eval 0,0]} Bg6 {[%eval 2,0]} 27. Rf6 {[%eval 0,0]} Rxf6 {[%eval 0,0]} 28.
exf6 {[%eval 0,0]} Qd6 {[%eval 0,0]} 29. Re7 $6 {[%eval -98,0] Inaccuracy. c5
was best.} (29. c5 Qxd2 30. Bc4+ Bf7 31. Bxf7+ Kxf7 32. Re7+ Kg8 33. Rxg7+ Kf8
34. Qxd2 Rxd2 35. Rxb7 a5) 29... Ne6 {[%eval 83,0]} 30. Qe3 $6 {[%eval -52,0]
Inaccuracy. f7+ was best.} (30. f7+ Bxf7) 30... Nf4 {[%eval -77,0]} 31. Ne4 $6
{[%eval -193,0] Inaccuracy. Nf3 was best.} (31. Nf3 Qxf6) 31... Bxe4 $6 {
[%eval -85,0] Inaccuracy. Qd4 was best.} (31... Qd4 32. Kf2 Nxe2 33. Kxe2 Qxb2+
34. Kf3 Bxe4+ 35. Rxe4 Qxf6+ 36. Kg2 Qd6 37. Kh3 Kf7 38. Qf2+) 32. Qxe4 {
[%eval -87,0]} Qxf6 {[%eval -89,0]} 33. Rxb7 $4 {[%eval -256,0] Blunder. Kh1
was best.} (33. Kh1 Nxe2 34. Qxe2 Rd1+ 35. Qxd1 Qxe7 36. Qd3 Kf7 37. Qf5+ Kg7
38. b3 Qf7 39. Qe5+ Qf6) 33... Qd4+ {[%eval -272,0]} 34. Qxd4 {[%eval -274,0]}
Nxe2+ {[%eval -287,0]} 35. Kf2 {[%eval -267,0]} Nxd4 {[%eval -261,0]} 36. Rxa7
{[%eval -258,0]} Re8 {[%eval -275,0]} 37. b4 {[%eval -249,0]} Re2+ {[%eval
-235,0]} 38. Kf1 {[%eval -237,0]} Rc2 {[%eval -244,0]} 39. c5 {[%eval -267,0]}
h5 {[%eval -123,0]} 40. gxh5 $6 {[%eval -397,0] Inaccuracy. Rd7 was best.} (40.
Rd7 Rc4 41. gxh5 Rxb4 42. a3 Rc4 43. Rd6 Kh7 44. Kf2 Rc2+ 45. Kf1 Nf5 46. Rxc6
Nh4) 40... g4 {[%eval -369,0]} 41. h6 {[%eval -365,0]} Nf5 {[%eval -397,0]} 42.
Rc7 {[%eval -319,0]} g3 {[%eval -384,0]} 43. Rxc6 $4 {[%eval -32747,0]
Checkmate is now unavoidable. a4 was best.} (43. a4 Kh8 44. Rf7 g2+ 45. Kg1 Nh4
46. Rf1 gxf1=Q+ 47. Kxf1 Ng6 48. b5 cxb5 49. axb5 Rxc5) 43... g2+ {[%eval
-32749,0]} 44. Kg1 {[%eval -32749,0]} Nh4 {[%eval -32751,0]} 0-1

[Event "37th Reykjavik op"]
[Site "Reykjavik ISL"]
[Date "2024.03.21"]
[Round "9.28"]
[White "Brackmann, Hendrik"]
[Black "Dauner, Benedikt"]
[WhiteElo "2037"]
[BlackElo "2366"]
[Result "0-1"]
[EventDate "2024.03.15"]
[PlyCount "52"]

1. e4 {[%eval 13,0]} e6 {[%eval 0,0]} 2. d4 {[%eval 41,0]} a6 {[%eval 83,0]} 3.
Nf3 {[%eval 29,0]} d5 {[%eval 58,0]} 4. e5 {[%eval 29,0]} c5 {[%eval 37,0]} 5.
c3 {[%eval 43,0]} Bd7 {[%eval 58,0]} 6. Be2 {[%eval 23,0]} Bb5 {[%eval 75,0]}
7. Bxb5+ {[%eval 76,0]} axb5 {[%eval 76,0]} 8. dxc5 {[%eval 95,0]} Bxc5 {
[%eval 87,0]} 9. b4 {[%eval 83,0]} Bb6 {[%eval 104,0]} 10. Qd3 $6 {[%eval 38,0]
Inaccuracy. Na3 was best.} (10. Na3) 10... Nc6 {[%eval 44,0]} 11. Na3 {[%eval
23,0]} f6 {[%eval 53,0]} 12. exf6 {[%eval 36,0]} Nxf6 {[%eval 31,0]} 13. O-O {
[%eval 46,0]} O-O {[%eval 49,0]} 14. Nxb5 {[%eval 22,0]} e5 {[%eval 37,0]} 15.
Qe2 {[%eval 33,0]} Ng4 {[%eval 37,0]} 16. Be3 {[%eval 35,0]} Bxe3 {[%eval 35,0]
} 17. fxe3 {[%eval 32,0]} Qb6 {[%eval 36,0]} 18. Rfe1 $2 {[%eval -99,0]
Mistake. Rae1 was best.} (18. Rae1 h6) 18... e4 {[%eval -92,0]} 19. Nfd4 {
[%eval 93,0]} Nce5 {[%eval 96,0]} 20. h3 {[%eval -211,0]} Rf2 {[%eval -205,0]}
21. Qd1 {[%eval -257,0]} Qg6 {[%eval -149,0]} 22. hxg4 {[%eval 91,0]} Rxg2+ {
[%eval -291,0]} 23. Kxg2 {[%eval -322,0]} Nxg4 {[%eval -104,0]} 24. Qe2 $4 {
[%eval -579,0] Blunder. Qb3 was best.} (24. Qb3 Nxe3+) 24... Rf8 {[%eval -593,
0]} 25. Rf1 $4 {[%eval -32757,0] Checkmate is now unavoidable. Rg1 was best.} (
25. Rg1 Nf2+ 26. Kf1 Nh3+ 27. Ke1 Qxg1+ 28. Kd2 Qxa1 29. Qd1 Qxa2+ 30. Nc2 Qc4
31. Qe2 Rf2) 25... Nf2+ {[%eval -32759,0]} 26. Kh2 {[%eval -32759,0]} Qg4 $4 {
[%eval 925,0] Lost forced checkmate sequence. Qh6+ was best.} (26... Qh6+ 27.
Qh5 Qxh5+ 28. Kg2 Qh3+ 29. Kg1 Qh1#) 0-1

[Event "37th Reykjavik op"]
[Site "Reykjavik ISL"]
[Date "2024.03.21"]
[Round "9.30"]
[White "Ivanchuk, Vasyl"]
[Black "Pollack, Oscar"]
[WhiteElo "2625"]
[BlackElo "2092"]
[Result "1-0"]
[EventDate "2024.03.15"]
[PlyCount "51"]

1. e4 {[%eval 13,0]} e6 {[%eval 0,0]} 2. d4 {[%eval 41,0]} d5 {[%eval 21,0]} 3.
Nc3 {[%eval 0,0]} Bb4 $6 {[%eval 59,0] Inaccuracy. Nf6 was best.} (3... Nf6 4.
e5 Nfd7 5. f4 c5 6. Nf3 Nc6 7. Be3 cxd4 8. Nxd4) 4. e5 {[%eval 44,0]} Ne7 {
[%eval 28,0]} 5. a3 {[%eval 76,0]} Bxc3+ {[%eval 79,0]} 6. bxc3 {[%eval 71,0]}
c5 {[%eval 66,0]} 7. h4 $6 {[%eval 0,0] Inaccuracy. Qg4 was best.} (7. Qg4 Nf5
8. Nf3 c4 9. Qf4 Qa5 10. Bd2 Bd7 11. g4 Ne7) 7... Nbc6 {[%eval 25,0]} 8. h5 {
[%eval 79,0]} Qa5 {[%eval 73,0]} 9. Bd2 {[%eval 72,0]} Qa4 {[%eval 104,0]} 10.
Rb1 {[%eval 75,0]} a6 $6 {[%eval 146,0] Inaccuracy. h6 was best.} (10... h6)
11. Nf3 {[%eval 102,0]} cxd4 {[%eval 169,0]} 12. cxd4 {[%eval 107,0]} Nxd4 {
[%eval 177,0]} 13. Bd3 {[%eval 173,0]} Nec6 {[%eval 155,0]} 14. h6 {[%eval 169,
0]} Nxf3+ {[%eval 218,0]} 15. Qxf3 {[%eval 201,0]} Nxe5 $2 {[%eval 353,0]
Mistake. gxh6 was best.} (15... gxh6 16. Qf6 Rg8 17. Bxh6 Rxg2 18. Bxh7 Qc4 19.
Rb3 Qd4 20. Kf1 Rg4 21. Re3 Qa1+ 22. Re1) 16. Qg3 {[%eval 369,0]} Nxd3+ {
[%eval 388,0]} 17. cxd3 {[%eval 399,0]} g6 {[%eval 386,0]} 18. Qe5 {[%eval 384,
0]} f6 {[%eval 373,0]} 19. Qxf6 {[%eval 375,0]} Rg8 $2 {[%eval 649,0] Mistake.
Rf8 was best.} (19... Rf8 20. Qg7 Qd7 21. Bb4 Qxg7 22. hxg7 Rg8 23. Rxh7 Bd7
24. Bf8 b5 25. Rh8 Kf7 26. Kd2) 20. Rxb7 {[%eval 602,0]} Bxb7 {[%eval 669,0]}
21. Qxe6+ {[%eval 657,0]} Kd8 {[%eval 682,0]} 22. O-O {[%eval 605,0]} Kc7 {
[%eval 605,0]} 23. Rc1+ {[%eval 619,0]} Bc6 {[%eval 545,0]} 24. Ba5+ {[%eval
508,0]} Kb7 $4 {[%eval 32760,0] Checkmate is now unavoidable. Qxa5 was best.} (
24... Qxa5 25. Qxc6+ Kb8 26. Qd6+ Kb7 27. Qd7+ Kb8 28. Rb1+ Qb5 29. Rxb5+ axb5
30. Qxh7 Rc8 31. Qxg6) 25. Rb1+ {[%eval 32762,0]} Ka7 {[%eval 32764,0]} 26.
Qe7+ {[%eval 32766,0]} 1-0